• 首页
  • 本馆介绍
  • 公告通知
  • 最新文献
  • 馆藏检索
  • 电子资源
  • 读者导购
  • 参考咨询
  • 我的图书馆
  • 登录
  • 详细信息显示
  • 放入我的书架
  • 预约/预借图书
  • 作者相关作品
  • 分类相关作品
  • 丛书相关作品
  • 出版社相关作品

书目信息

  • 表格格式
  • 工作单格式
  • 卡片格式
题名:
现代武器运筹学导论
    
 
作者: E·C·温特切勒 著 ;周方 , 玉宇 译
分册:  
出版信息: 北京   国防工业出版社  1974
页数: 445页
开本: 20cm
丛书名:
单 册:
中图分类: E911
科图分类:
主题词: 军事技术--基础科学
电子资源:
ISBN:
000 00704nam0 2200229 450
001 0633783514
005 20060819092516.89
010    @dCNY1.75
100    @a20060819d1974 km y0chiy0120 ea
101 0  @achi@crus
102    @aCN@b110000
200 1  @a现代武器运筹学导论@Axian dai wu qi yun chou xue dao lun@f(苏)E·C·温特切勒著@F(su)E·C·wen te qie le zhu@g周方,玉宇译@Gzhou fang,yu yu yi
210    @a北京@c国防工业出版社@d1974
215    @a445页@d20cm
320    @a附录
606 0  @a军事技术@x基础科学
690    @aE911@v3
701  0 @aE·C·温特切勒@AE·C·wen te qie le@4著
702  0 @a周方@Azhou fang@4译
702  0 @a玉宇@Ayu yu@4译
801  0 @aCN@bPFT@c20060819
905    @a10447@dE911@e2
    
    现代武器运筹学导论/(苏)E·C·温特切勒著/周方,玉宇译.-北京:国防工业出版社,1974
    445页;20cm
    
    
    ISBN :CNY1.75
    
●
相关链接 在E读中查询图书 在五车中查询图书 在当当中查询图书 在豆瓣中查询图书


正题名:现代武器运筹学导论     索取号:E911/2         预约/预借

序号 登录号 条形码 馆藏地/架位号 状态 备注
1 0469417   204694170   密集书库/ [索取号:E911/2] 在馆    
唐山师范学院图书馆 欢迎您!
大连网信软件有限公司© 版权所有